000 00854nam a2200325Ia 4500
003 OSt
005 20220322144947.0
008 210210b2017 xxu||||| |||| 00| 0 eng d
020 _a9789386235251
040 _aAL
_c
041 _aeng
082 _a576.02 PHIA
100 _aPHILOMINA (Beena)
_925053
245 _aAnanthanarayan and Panikers textbook of microbiology: multiple choice questions
250 _a10
260 _aHyderabad
_bUniversities Press
_c2017
300 _a72
650 _atextbook
_925054
650 _aquestions
_925055
650 _aPanikers
_925056
650 _amultiple
_925057
650 _amicrobiology
_925058
650 _aE
_925059
650 _aAnanthanarayan
_925061
650 _a10
_925062
690 _aMicrobiology
_925063
700 _aANITHA (P M)
_925064
906 _a072158
942 _2ddc
_cBK
999 _c122032
_d122032